[Event "It (open)"]
[Site "masterchessopen.com Montigny (France)"]
[Date "2005.12.28"]
[Round "4"]
[White "Bouvier Clement (FRA)"]
[Black "Winckel Fabrice (FRA)"]
[Result "0-1"]
[WhiteElo "1814"]
[BlackElo "1689"]

1.d4 d5 2.c4 c6 3.Nc3 Nf6 4.Nf3 e6 5.Bg5 dxc4 6.e3 b5 7.a4 Bb4 8.axb5 cxb5
9.Nd2 Bxc3 10.bxc3 Bb7 11.Nf3 Nbd7 12.g3 O-O 13.Bg2 Qc8 14.O-O Ne4 15.Be7 Nxc3
16.Qc2 Re8 17.Ng5 g6 18.Bxb7 Qxb7 19.Bb4 Nd5 20.Bd2 a6 21.Ne4 Qc6 22.f4 c3
23.Bc1 b4 24.g4 f5 25.Nf2 Qc4 26.Ra4 N7b6 {#R} 0-1

[Event "It (open)"]
[Site "masterchessopen.com Marianske Lazne (Czech Republic)"]
[Date "2006.01.21"]
[Round "1"]
[White "Bauch Ralf (GER)"]
[Black "Arend Michal (SUI)"]
[Result "1-0"]
[WhiteElo "2085"]
[BlackElo "1897"]

1.d4 d5 2.c4 e6 3.Nc3 c6 4.Nf3 Nf6 5.Bg5 dxc4 6.e4 Bb4 7.Bxf6 Qxf6 8.Bxc4 Nd7
9.O-O O-O 10.e5 Qe7 11.Ne4 b5 12.Bd3 Bb7 13.a3 Ba5 14.Nd6 Nb8 15.Qc2 h6 16.Qe2
f5 17.b4 Bb6 18.g4 g6 19.gxf5 exf5 20.h4 Rd8 21.h5 Rxd6 22.exd6 Qxd6 23.Qe8+
Kg7 24.Rfe1 Bd8 25.Re6 {#r} 1-0

[Event "It \"]
[Site "masterchessopen.com Ecuador"]
[Date "2006.02.11"]
[Round "5"]
[White "Hallon Rodriguez Jose (ECU)"]
[Black "Apolo Mauricio (ECU)"]
[Result "1-0"]
[WhiteElo "2025"]
[BlackElo "1901"]

1.d4 d5 2.c4 c6 3.Nc3 Nf6 4.Nf3 e6 5.Bg5 dxc4 6.a4 Bb4 7.Qc2 Qa5 8.Bxf6 gxf6
9.e3 b5 10.Be2 Nd7 11.O-O Bxc3 12.axb5 Qxb5 13.bxc3 Nb6 14.Rfb1 Qd5 15.Rxb6
Ke7 16.Rb4 Bd7 17.Bxc4 Qh5 18.Be2 Rhg8 19.Rb7 Qh3 20.g3 a5 21.Bf1 Qh5 22.Bg2
Rg6 23.Qe4 Kd6 24.c4 e5 25.dxe5+ fxe5 26.Rd1+ {#r} 1-0

[Event "Oberliga Southwest 2005/06"]
[Site "masterchessopen.com Germany"]
[Date "2006.02.19"]
[Round "7"]
[White "Hoefer Ulrich (GER)"]
[Black "Berresheim Helmut (GER)"]
[Result "0-1"]
[WhiteElo "2020"]
[BlackElo "2145"]

1.Nf3 d5 2.d4 Nf6 3.c4 c6 4.Nc3 e6 5.Bg5 dxc4 6.e4 b5 7.e5 h6 8.Bh4 g5 9.Nxg5
hxg5 10.Bxg5 Nbd7 11.exf6 Qa5 12.Bd2 b4 13.Ne4 Qd5 14.Qf3 Qxd4 15.Be3 Qxb2
16.Rd1 b3 17.Nd6+ Bxd6 18.Rxd6 bxa2 19.Rxe6+ fxe6 20.f7+ Kf8 21.Be2 a1=Q+
22.Bd1 Qc3+ 23.Kf1 Qd3+ {#R} 0-1

[Event "Ch Turkey (qual)"]
[Site "masterchessopen.com Mersin (Turkey)"]
[Date "2006.02.20"]
[Round "4"]
[White "Dogan Ali Ekber (TUR)"]
[Black "Korkmaz Necmettin (TUR)"]
[Result "0-1"]
[WhiteElo "1902"]
[BlackElo "2158"]

1.d4 d5 2.c4 c6 3.Nc3 Nf6 4.Nf3 e6 5.Bg5 dxc4 6.e4 b5 7.e5 h6 8.Bh4 g5 9.Nxg5
hxg5 10.Bxg5 Nbd7 11.exf6 Bb7 12.Qd2 Qa5 13.Rc1 c5 14.Ne2 Qxa2 15.h4 O-O-O
16.Qc3 Nb6 17.Be3 Na4 18.Qa5 Qxb2 19.Qxa7 cxd4 {#R} 0-1

[Event "Tournament (Elo) (a)"]
[Site "masterchessopen.com Budapest (Hungary)"]
[Date "2006.03.07"]
[Round "4"]
[White "Schulze Hubertus (GER)"]
[Black "Tessedik Karoly (HUN)"]
[Result "1-0"]
[WhiteElo "2109"]
[BlackElo "2000"]

1.d4 d5 2.c4 e6 3.Nc3 c6 4.Nf3 Nf6 5.Bg5 dxc4 6.e4 b5 7.e5 h6 8.Bh4 g5 9.Nxg5
hxg5 10.Bxg5 Nbd7 11.exf6 Bb7 12.h4 Qb6 13.Qd2 O-O-O 14.O-O-O Qa6 15.Kb1 Bb4
16.Rh3 c5 17.Qc1 cxd4 18.Rxd4 Kb8 19.a4 Bxc3 20.axb5 Qxb5 21.Rxc3 Qf5+ 22.Qc2
Qe5 23.Bf4 {#r} 1-0

[Event "It (cat.7)"]
[Site "masterchessopen.com Santiago (Chile)"]
[Date "2006.03.26"]
[Round "6"]
[White "Cordova Emilio (PER)"]
[Black "Alvarez Nunez Julian (CHI)"]
[Result "1-0"]
[WhiteElo "2482"]
[BlackElo "2216"]

1.d4 d5 2.Nf3 c6 3.c4 Nf6 4.Nc3 e6 5.Bg5 dxc4 6.e4 b5 7.e5 h6 8.Bh4 g5 9.exf6
gxh4 10.Ne5 Qxf6 11.Be2 Bb7 12.Bh5 Rh7 13.O-O Nd7 14.Bf3 Nxe5 15.dxe5 Qxe5
16.Re1 Qd6 17.Qe2 Qd3 18.Qe5 Rg7 19.Bh5 Qd6 20.Qf6 e5 21.Rxe5+ {#r} 1-0

[Event "Ch France (team) (nat.2) 2005/06"]
[Site "masterchessopen.com France"]
[Date "2006.04.02"]
[Round "11"]
[White "Boulinguez Jean Marc (FRA)"]
[Black "Ailloud Eliot (FRA)"]
[Result "0-1"]
[WhiteElo "1745"]
[BlackElo "2023"]

1.d4 d5 2.c4 e6 3.Nf3 Nf6 4.Nc3 c6 5.Bg5 dxc4 6.e4 b5 7.e5 h6 8.Bh4 g5 9.Nxg5
hxg5 10.Bxg5 Nbd7 11.Qf3 Qb6 12.Bxf6 Nxf6 13.Qxf6 Rh6 14.Qf4 Bb7 15.O-O-O Rh7
16.Kb1 O-O-O 17.Qe4 Rg7 18.Qe3 c5 19.dxc5 Rxd1+ 20.Nxd1 Bxc5 21.Qh6 Qd8 22.Nc3
b4 23.Qxg7 bxc3 24.Bxc4 Be4+ 25.Kc1 Qd2# 0-1

[Event "Tournament (Elo)"]
[Site "masterchessopen.com Gausdal (Norway)"]
[Date "2006.05.01"]
[Round "9"]
[White "Suuronen Petri (FIN)"]
[Black "Tjolsen Katrine (NOR)"]
[Result "0-1"]
[WhiteElo "1925"]
[BlackElo "2051"]

1.d4 d5 2.c4 c6 3.Nf3 Nf6 4.Nc3 e6 5.Bg5 dxc4 6.a4 Bb4 7.e3 b5 8.Be2 Bb7 9.O-O
Bxc3 10.bxc3 a6 11.e4 Nbd7 12.e5 h6 13.Bh4 g5 14.Nxg5 hxg5 15.Bxg5 Qc7 16.Bxf6
Nxf6 17.f4 Nd5 18.Qc1 O-O-O 19.f5 Rdg8 20.f6 Rg6 21.g4 Nxf6 22.Rxf6 Rxf6
23.exf6 Qxh2+ 24.Kf1 Qg3 {#R} 0-1

[Event "It (open) \"]
[Site "masterchessopen.com Berlin (Germany)"]
[Date "2006.05.25"]
[Round "3"]
[White "Schulz Olaf (GER)"]
[Black "Muench Tobias (GER)"]
[Result "1-0"]
[WhiteElo "1955"]
[BlackElo "1875"]

1.d4 Nf6 2.Nf3 e6 3.c4 d5 4.Nc3 c6 5.Bg5 dxc4 6.a4 Bb4 7.e4 Bxc3+ 8.bxc3 Qa5
9.e5 Ne4 10.Bd2 Nxd2 11.Qxd2 b5 12.Qb2 Qb6 13.axb5 cxb5 14.Bxc4 Bd7 15.O-O Na6
16.Bd3 O-O 17.Qe2 Nc7 18.Rfb1 a6 19.c4 Bc6 20.c5 Qb7 21.Ng5 g6 22.Ra3 f6
23.Nxh7 Kxh7 {#r} 1-0

[Event "It (open) (b)"]
[Site "masterchessopen.com Ditzingen (Germany)"]
[Date "2006.05.27"]
[Round "5"]
[White "Braun Tobias"]
[Black "Steil Raymond (LUX)"]
[Result "1-0"]
[WhiteElo "1713"]
[BlackElo "1756"]

1.d4 d5 2.c4 c6 3.Nf3 Nf6 4.Nc3 e6 5.Bg5 dxc4 6.e4 b5 7.e5 h6 8.Bh4 g5 9.Nxg5
hxg5 10.Bxg5 Nbd7 11.g3 Bb7 12.Bg2 a6 13.O-O Be7 14.exf6 Bxf6 15.Bxf6 Qxf6
16.a4 O-O-O 17.axb5 axb5 18.Ra7 Nb8 19.Nxb5 cxb5 20.Rxb7 Qxd4 21.Qf3 f5
22.Rxb8+ {#r} 1-0

[Event "It (open)"]
[Site "masterchessopen.com Kiel (Germany)"]
[Date "2006.07.22"]
[Round "1"]
[White "Schoen Sebastian (GER)"]
[Black "Bendfeldt Tim (GER)"]
[Result "0-1"]
[WhiteElo "1875"]
[BlackElo "2046"]

1.d4 d5 2.c4 c6 3.Nf3 Nf6 4.Nc3 e6 5.Bg5 dxc4 6.e4 b5 7.e5 h6 8.Bh4 g5 9.Nxg5
hxg5 10.Bxg5 Nbd7 11.exf6 Bb7 12.Ne4 c5 13.Nxc5 Nxc5 14.dxc5 Bxc5 15.a3 Qb6
16.Qe2 O-O-O 17.b4 Bd4 18.Ra2 Bc3+ 19.Bd2 Rxd2 20.Rxd2 {#R} 0-1

[Event "It (open)"]
[Site "masterchessopen.com Aviles (Spain)"]
[Date "2006.08.08"]
[Round "4"]
[White "Chueca Forcen Alberto (ESP)"]
[Black "Tarin Casado Francisco (ESP)"]
[Result "1-0"]
[WhiteElo "2129"]
[BlackElo "1944"]

1.d4 d5 2.c4 c6 3.Nf3 Nf6 4.Nc3 e6 5.Bg5 dxc4 6.e4 b5 7.e5 h6 8.Bh4 g5 9.exf6
gxh4 10.Ne5 Qxf6 11.a4 b4 12.Ne4 Qf5 13.f3 Nd7 14.Nxc4 Qd5 15.Ne5 Be7 16.Bc4
Qa5 17.Nxc6 Qc7 18.d5 Ne5 19.d6 Nxf3+ 20.gxf3 Bxd6 21.Qxd6 Qxd6 22.Nxd6+ Kd7
23.Nxf7 Rf8 24.Nce5+ Ke7 25.Nxh6 Bb7 26.Ng6+ {#r} 1-0

[Event "It (open)"]
[Site "masterchessopen.com Predeal (Romania)"]
[Date "2006.08.13"]
[Round "2"]
[White "Voiteanu Gabriel (ROM)"]
[Black "Thesing Matthias (GER)"]
[Result "0-1"]
[WhiteElo "2218"]
[BlackElo "2410"]

1.d4 d5 2.c4 e6 3.Nc3 c6 4.Nf3 Nf6 5.Bg5 dxc4 6.e4 b5 7.e5 h6 8.Bh4 g5 9.Nxg5
hxg5 10.Bxg5 Nbd7 11.exf6 Bb7 12.Be2 Qb6 13.a4 O-O-O 14.a5 Qc7 15.a6 Ba8
16.Bf3 Nb6 17.Qe2 Rxd4 18.Be3 Rd3 19.Be4 Rd8 20.Nxb5 cxb5 21.Bxb6 Qxb6 22.Bxa8
Bb4+ 23.Kf1 Rd2 24.Qe1 Qd4 {#R} 0-1

[Event "Ch Austria (w)"]
[Site "masterchessopen.com Koeflach (Austria)"]
[Date "2006.09.04"]
[Round "3"]
[White "Mayer Michaela (AUT)"]
[Black "Schink Barbara (AUT)"]
[Result "0-1"]
[WhiteElo "1900"]
[BlackElo "2069"]

1.d4 d5 2.c4 e6 3.Nc3 c6 4.Nf3 Nf6 5.Bg5 dxc4 6.e4 b5 7.e5 h6 8.Bxf6 gxf6 9.a4
Qb6 10.exf6 Nd7 11.axb5 cxb5 12.b3 Bb4 13.Qc2 Nxf6 14.Kd1 Bb7 15.Ne2 Be4
16.Qb2 c3 17.Qa2 Ng4 18.Rg1 Nxf2+ 19.Ke1 Nd3+ 20.Kd1 c2+ 21.Kxc2 Rc8+ {#R} 0-1

[Event "Ch Spain (team) (Honor gr.1)"]
[Site "masterchessopen.com Olite (Spain)"]
[Date "2006.09.07"]
[Round "2"]
[White "Ubilava Elizbar (ESP)"]
[Black "Martin Perez Javier (ESP)"]
[Result "1-0"]
[WhiteElo "2533"]
[BlackElo "2280"]

1.d4 d5 2.c4 c6 3.Nf3 Nf6 4.Nc3 e6 5.Bg5 dxc4 6.e4 b5 7.a4 Bb4 8.e5 h6 9.exf6
hxg5 10.fxg7 Rg8 11.h4 g4 12.Ne5 f5 13.g3 Bb7 14.Bg2 Qc7 15.O-O Bxc3 16.bxc3
Rxg7 17.Re1 Kf8 18.Qd2 Nd7 19.Qh6 a6 20.Ng6+ Kf7 21.Rxe6 {#r} 1-0

[Event "Ch Europe (juniors) (under 16)"]
[Site "masterchessopen.com Herceg Novi (Montenegro)"]
[Date "2006.09.18"]
[Round "8"]
[White "Pachta Paul (AUT)"]
[Black "Forsaa Espen (NOR)"]
[Result "1-0"]
[WhiteElo "2300"]
[BlackElo "2170"]

1.Nf3 d5 2.d4 Nf6 3.c4 c6 4.Nc3 e6 5.Bg5 dxc4 6.e4 b5 7.a4 Qb6 8.Be2 Bb7 9.O-O
Nbd7 10.d5 a6 11.dxe6 fxe6 12.a5 Qc7 13.Nd4 Nc5 14.Bxf6 gxf6 15.Bh5+ Ke7
16.Qg4 Bh6 17.Qh3 Qe5 18.Nf3 Qd6 19.Rad1 Nd3 20.e5 fxe5 21.Ne4 Qd8 22.Nxe5 c5
23.Nxc5 Qd5 24.Qh4+ Kd6 25.Nxb7+ Qxb7 26.Nf7+ {#r} 1-0

[Event "Memorial L.Rudenko (w)"]
[Site "masterchessopen.com St. Petersburg (Russia)"]
[Date "2006.09.30"]
[Round "5"]
[White "Borzova Asya (RUS)"]
[Black "Charochkina Daria (RUS)"]
[Result "0-1"]
[WhiteElo "1804"]
[BlackElo "2266"]

1.d4 d5 2.c4 c6 3.Nf3 Nf6 4.Nc3 e6 5.Bg5 dxc4 6.e4 b5 7.e5 h6 8.Bh4 g5 9.Nxg5
hxg5 10.Bxg5 Nbd7 11.g3 Bb7 12.Bg2 Qb6 13.exf6 c5 14.d5 O-O-O 15.O-O b4 16.Na4
Qa6 17.a3 Bxd5 18.Bxd5 Ne5 19.axb4 Rxd5 20.Qe2 cxb4 21.Nc3 Qc6 22.Nxd5 Qxd5
23.f4 Bc5+ 24.Rf2 Bxf2+ 25.Qxf2 Nf3+ {#R} 0-1

[Event "Memorial V.Boskovic (open)"]
[Site "masterchessopen.com Belgrade (Yugoslavia)"]
[Date "2006.10.02"]
[Round "1"]
[White "Ivanisevic Ivan (SRB)"]
[Black "Kerecki Ljubisa (SRB)"]
[Result "1-0"]
[WhiteElo "2579"]
[BlackElo "2126"]

1.d4 d5 2.c4 c6 3.Nf3 Nf6 4.Nc3 e6 5.Bg5 dxc4 6.a4 Bb4 7.e4 Qa5 8.Bd2 Nbd7
9.Bxc4 b6 10.O-O O-O 11.Qc2 Ba6 12.Bxa6 Qxa6 13.e5 Nd5 14.Nxd5 Bxd2 15.Ne7+
Kh8 16.Nxd2 Nb8 17.Ra3 Qb7 18.Qxh7+ {#r} 1-0

[Event "Memorial N.Aratovsky (open)"]
[Site "masterchessopen.com Saratov (Russia)"]
[Date "2006.11.30"]
[Round "4"]
[White "Askarov Marat (RUS)"]
[Black "Kornev Alexei (RUS)"]
[Result "1-0"]
[WhiteElo "2480"]
[BlackElo "2578"]

1.d4 d5 2.Nf3 Nf6 3.c4 c6 4.Nc3 e6 5.Bg5 dxc4 6.e4 b5 7.e5 h6 8.Bh4 g5 9.Nxg5
hxg5 10.Bxg5 Nbd7 11.exf6 Bb7 12.g3 c5 13.d5 Qc7 14.Bg2 b4 15.d6 Qb6 16.Ne4
O-O-O 17.O-O Bd5 18.Bf4 Qc6 19.Qe2 Nb6 20.Rfd1 Bh6 21.Be5 Na4 22.f4 Bf8 23.f5
c3 24.fxe6 cxb2 25.d7+ Kb7 26.e7 {#r} 1-0

[Event "Cup MDK Fabryczna"]
[Site "masterchessopen.com Wroclaw (Poland)"]
[Date "2006.12.03"]
[Round "4"]
[White "Hodowany Wojciech (POL)"]
[Black "Januszewski Tomasz (POL)"]
[Result "0-1"]
[WhiteElo "1869"]
[BlackElo "1945"]

1.d4 d5 2.c4 c6 3.Nc3 Nf6 4.Bg5 e6 5.Nf3 dxc4 6.a4 Bb4 7.Bd2 O-O 8.e3 Bxc3
9.Bxc3 b5 10.axb5 cxb5 11.Bb4 Re8 12.b3 Nc6 13.Qd2 Ne4 14.Qc2 Nxb4 15.Qxe4 Bb7
16.Qb1 c3 17.Ne5 f6 18.Nd3 Be4 19.f3 c2 {#R} 0-1

[Event "It (open)"]
[Site "masterchessopen.com Bern (Switzerland)"]
[Date "2006.12.29"]
[Round "5"]
[White "Kappeler Kaspar (SUI)"]
[Black "Myers Geoffrey (SUI)"]
[Result "1-0"]
[WhiteElo "2160"]
[BlackElo "2081"]

1.d4 d5 2.c4 c6 3.Nc3 Nf6 4.Nf3 e6 5.Bg5 dxc4 6.e4 b5 7.e5 h6 8.Bh4 g5 9.exf6
gxh4 10.Ne5 Qxf6 11.g3 Nd7 12.Qc2 Bb7 13.Bg2 O-O-O 14.Nxc6 Bxc6 15.Bxc6 a6
16.a4 Qxd4 17.axb5 Ne5 18.Rxa6 Nd3+ 19.Kf1 Bc5 20.b6 Bxb6 21.Nb5 {#r} 1-0

[Event "Tournament (d)"]
[Site "masterchessopen.com Moscow (Russia)"]
[Date "2007.02.19"]
[Round "9"]
[White "Margusheva Darya (RUS)"]
[Black "Beketov Viktor (RUS)"]
[Result "1-0"]
[WhiteElo "2092"]
[BlackElo "2075"]

1.d4 d5 2.c4 c6 3.Nf3 Nf6 4.Nc3 e6 5.Bg5 dxc4 6.e4 b5 7.e5 h6 8.Bh4 g5 9.Nxg5
hxg5 10.Bxg5 Nbd7 11.exf6 Bb7 12.g3 c5 13.d5 Qb6 14.Bg2 O-O-O 15.O-O a6 16.Re1
Bd6 17.dxe6 Bxg2 18.exd7+ Rxd7 19.Kxg2 Bxg3 20.fxg3 Rxd1 21.Raxd1 Qc6+ 22.Kg1
Rd8 23.Rxd8+ Kxd8 24.Re7 a5 25.Rxf7 {#r} 1-0

[Event "Ch Amateur Team (East)"]
[Site "masterchessopen.com Parsippany (USA)"]
[Date "2007.02.19"]
[Round "6"]
[White "Chua Alexander J (USA)"]
[Black "Vigorito David (USA)"]
[Result "0-1"]
[WhiteElo "2251"]
[BlackElo "2399"]

1.d4 d5 2.c4 c6 3.Nc3 Nf6 4.Nf3 e6 5.Bg5 dxc4 6.e4 b5 7.e5 h6 8.Bh4 g5 9.exf6
gxh4 10.Ne5 Qxf6 11.a4 Bb7 12.Be2 Nd7 13.Nxd7 Kxd7 14.Bf3 a6 15.axb5 axb5
16.Rxa8 Bxa8 17.Qa1 Bb7 18.Qa7 Kc8 19.Nxb5 Bb4+ 20.Ke2 Qf5 21.Na3 Qd3# 0-1

[Event "Czech League 2006/07 (krajsky prebor)"]
[Site "masterchessopen.com Czech Republic"]
[Date "2007.03.04"]
[Round "0"]
[White "Galuska Petr"]
[Black "Ling Bronislav (CZE)"]
[Result "1-0"]
[WhiteElo "2119"]
[BlackElo "2044"]

1.d4 d5 2.c4 c6 3.Nc3 Nf6 4.Nf3 e6 5.Bg5 dxc4 6.a4 h6 7.Bxf6 Qxf6 8.e3 Bb4
9.Bxc4 c5 10.O-O Bxc3 11.bxc3 O-O 12.Ne5 Nd7 13.f4 b6 14.a5 Qe7 15.axb6 Nxb6
16.Bb3 Bb7 17.Qd3 Qc7 18.f5 cxd4 19.cxd4 Bd5 20.fxe6 fxe6 21.Bc2 g5 22.Qg6+
Qg7 23.Rxf8+ {#r} 1-0

[Event "It (open)"]
[Site "masterchessopen.com Southend (England)"]
[Date "2007.04.06"]
[Round "2"]
[White "Lock Gavin R (ENG)"]
[Black "Fegan Chris (ENG)"]
[Result "1-0"]
[WhiteElo "2212"]
[BlackElo "2091"]

1.Nf3 Nf6 2.c4 c6 3.d4 d5 4.Nc3 e6 5.Bg5 dxc4 6.e4 b5 7.a4 Bb4 8.e5 h6 9.exf6
hxg5 10.fxg7 Rg8 11.h4 gxh4 12.Rxh4 Qf6 13.g3 Nd7 14.Bg2 Bb7 15.Kf1 Bxc3
16.bxc3 a6 17.Ne5 Nxe5 18.dxe5 Qxe5 19.axb5 axb5 20.Rxa8+ Bxa8 21.Qa1 Qb8
22.Qa3 Kd7 23.Qc5 Rxg7 24.Qd4+ Qd6 25.Qa7+ Ke8 26.Rh8+ {#r} 1-0

[Event "It (open)"]
[Site "masterchessopen.com Malakoff (France)"]
[Date "2007.04.10"]
[Round "5"]
[White "Van Dongen Patrick (FRA)"]
[Black "Demagnee Arnaud (FRA)"]
[Result "1-0"]
[WhiteElo "2393"]
[BlackElo "2116"]

1.d4 d5 2.c4 c6 3.Nf3 Nf6 4.Nc3 e6 5.Bg5 dxc4 6.e4 b5 7.Be2 h6 8.Bxf6 gxf6
9.O-O Bb7 10.Qc2 Qb6 11.Rad1 Na6 12.b3 cxb3 13.Qxb3 Nc7 14.d5 Bc5 15.dxe6 fxe6
16.Nh4 h5 17.Ng6 Kf7 18.Rd7+ Kxg6 19.Nd5 Rag8 20.Qg3+ Kh6 21.Qf4+ Rg5 22.Qxf6+
{#r} 1-0

[Event "Ch USA"]
[Site "masterchessopen.com Stillwater (USA)"]
[Date "2007.05.20"]
[Round "6"]
[White "Onischuk Alexander (USA)"]
[Black "Shabalov Alexander (USA)"]
[Result "1-0"]
[WhiteElo "2674"]
[BlackElo "2626"]

{ Onischuk Alexander (USA) +1 =1 -1 Shabalov Alexander (USA) +9 =2 -6 } 1.d4
d5 2.c4 c6 3.Nc3 Nf6 4.Nf3 e6 5.Bg5 dxc4 6.e4 b5 7.e5 h6 8.Bh4 g5 9.Nxg5 hxg5
10.Bxg5 Nbd7 11.exf6 Qa5 { ?/= } 12.Be2 ( 12.g3 b4 13.Ne4 Ba6 14.b3 Qd5 15.Qc2
cxb3 16.axb3 Bxf1 17.Kxf1 c5 18.Ra5 Qb7 19.dxc5 Rc8 20.Ke2 Ne5 21.Be3 Nc6
22.Raa1 Ne5 23.f3 Rh5 24.Bd4 Qb5+ 25.Kf2 Nc6 26.Be3 Ne5 27.Kg2 a5 28.g4 Rh4
29.h3 Nd7 30.Rhd1 Nb6 31.Qd3 { 1-0, Van Wely Loek 2714 - Blokhuis Jeroen 2321
, Amsterdam 2001 It (open) "Lost Boys" } ) 12...Bb7 13.O-O O-O-O 14.Qc1 c5 (
14...Bd6 15.h4 c5 16.dxc5 Bb8 17.Rd1 Qc7 18.Bf3 Bxf3 19.gxf3 Qh2+ 20.Kf1 Ne5
21.Qe3 Rd3 22.Qe4 Rxf3 23.Rd2 Qh1+ 24.Ke2 Qxa1 25.Nxb5 Rd3 26.b4 Rxd2+ 27.Bxd2
Qg1 28.Bf4 Qg4+ 29.Ke3 Qf5 30.Bxe5 Qxe5 31.Nxa7+ Kd7 32.c6+ Kd6 33.Qxe5+ Kxe5
34.Nb5 { ...0-1, Agdestein Simen 2585 - Hector Jonny 2510 , Reykjavik 1995 Zt
} ) 15.Rd1 { N } ( 15.dxc5 Bxc5 16.Qf4 Ne5 17.Rfd1 ( 17.Rad1 Nd3 18.Qg3 Bd6
19.f4 b4 20.Bxd3 cxd3 21.Nb1 Qxa2 22.Kh1 Kb8 23.Nd2 Qxb2 24.Nc4 Qd4 25.Nxd6
Qxd6 26.h4 Ka8 27.Qe3 Qd4 28.Rfe1 Rd5 29.Kg1 Bc6 30.f5 Qxe3+ 31.Rxe3 Rxf5
32.Rexd3 Rd5 33.Kf2 Kb7 34.g4 a5 { ...1/2-1/2, Salvermoser Bernd 2242 - Bach
Edwin 2288 , Germany 23. 2.2003 Bundesliga (2nd) South 2002/03 } ) 17...Ng6
18.Qg4 Ne5 19.Qg3 b4 20.Rxd8+ Rxd8 21.Nd1 Nd3 22.Ne3 c3 23.bxc3 b3 24.Bf3 b2
25.Bxb7+ Kxb7 26.Qf3+ Kb8 27.Rb1 Bb6 28.Bf4+ e5 29.Bg3 Qxa2 30.Qd1 Nxf2 31.Qc2
Nd1 { 1-0, Karolyi Tibor Jr 2364 - Kaidanov Gregory S 2500 , Budapest 1989 It
(2) } ) 15...cxd4 { -0.04 CAP } 16.Rxd4 Bc5 17.b4 Qxb4 { ?! } ( 17...Bxb4 { !?
} 18.Nxb5 Qxb5 19.Qxc4+ Qxc4 20.Rxc4+ Bc5 21.Rac1 Bd5 22.Rxc5+ Nxc5 23.Rxc5+
Kb7 { } ) 18.Rb1 Qxb1 19.Qxb1 Bxd4 20.Nxb5 Ne5 21.Bf4 Nc6 22.Nd6+ Rxd6 23.Bxd6
c3 24.Bf3 Bb6 25.Bb4 Bd4 26.Bxc3 { } {#r} 1-0

[Event "It (open)"]
[Site "masterchessopen.com Las Vegas (USA)"]
[Date "2007.06.10"]
[Round "5"]
[White "Krush Irina (USA)"]
[Black "Shabalov Alexander (USA)"]
[Result "1-0"]
[WhiteElo "2475"]
[BlackElo "2626"]

{ Krush Irina (USA) +0 =1 -0 Shabalov Alexander (USA) +9 =2 -7 } 1.d4 d5 2.c4
c6 3.Nc3 Nf6 4.Nf3 e6 5.Bg5 dxc4 6.e4 b5 7.e5 h6 8.Bh4 g5 9.Nxg5 hxg5 10.Bxg5
Nbd7 11.g3 Qa5 ( 11...Bb7 12.Bg2 Qc7 13.exf6 c5 14.d5 b4 15.d6 Qb6 16.Ne4
O-O-O 17.O-O Bd5 18.Qe2 Qc6 19.b3 Nb6 20.Bf4 Bh6 21.Be5 Bd2 22.f4 c3 23.Nxd2
cxd2 24.Qxd2 Kb7 25.Rac1 Rc8 26.Rf2 a5 27.Qe3 Rhd8 28.h4 c4 29.Bxd5 Nxd5
30.Qf3 c3 31.g4 { ...1-0, Sharavdorj Dashzegve 2463 - Shabalov Alexander 2575
, Las Vegas 27.12.2006 It "North American Open" } ) 12.exf6 b4 13.Ne4 Ba6
14.Qf3 { ?/= } 14...Rd8 ( 14...O-O-O 15.Bg2 c3 16.Nxc3 Nb8 17.Ne4 Rxd4 18.Be3
b3+ 19.Nc3 Ra4 20.Bf1 Bb7 21.Bg2 Rxa2 22.Rd1 Ba6 23.Bf1 Rxb2 24.Bxa6+ Qxa6
25.Qe4 Rc2 26.Qd4 Ba3 { 0-1, Berkes Ferenc 2596 - D'Amore Carlo 2474 ,
Goteborg 30. 7.2005 Ch Europe (team) } ) 15.Be2 Nb6 { N } ( 15...c5 16.Nxc5
Bxc5 17.dxc5 Nxc5 18.O-O Bb7 19.Qg4 Ne4 20.Be3 c3 21.bxc3 Nxc3 22.Bc4 Qe5
23.Rfe1 Qh5 24.Qxh5 Rxh5 25.Bxa7 Rf5 26.a3 Rc8 27.Bb3 bxa3 28.Rxa3 Rxf6
29.Raa1 Rf5 30.Bd4 Ne4 31.Be3 Ng5 32.Bxg5 Rxg5 33.Ra7 Bd5 34.f4 Rh5 35.g4 {
...1-0, Zontakh Andrey 2512 - Robak Zbigniew 2271 , Bydgoszcz 2001 It (open) }
) 16.Nc5 Rd5 17.Nxa6 Qxa6 18.Be3 b3 { ? } ( { ? } 18...Kd7 19.O-O Rf5 20.Qe4
Qa5 21.Bf4 Nd5 22.Be5 Nxf6 { } ) 19.O-O bxa2 20.b3 Kd7 21.bxc4 Rf5 22.Qe4 Qa4
23.Rfc1 Ra5 24.Bd1 Qa3 25.Bf3 { +3.25 CAP } {#r} 1-0

[Event "It (open)"]
[Site "masterchessopen.com La Fere (France)"]
[Date "2007.07.08"]
[Round "2"]
[White "Godart Francois (FRA)"]
[Black "Pavillon Guillaume (FRA)"]
[Result "1-0"]
[WhiteElo "1990"]
[BlackElo "1817"]

1.d4 d5 2.c4 c6 3.Nc3 Nf6 4.Nf3 e6 5.Bg5 dxc4 6.e4 b5 7.e5 h6 8.Bh4 g5 9.Nxg5
hxg5 10.Bxg5 Nbd7 11.exf6 Bb7 12.Be2 Qb6 13.O-O Bh6 14.Bxh6 Rxh6 15.Qd2 Rg6
16.Bh5 Rg8 17.Rfe1 Nf8 18.Ne4 Qc7 19.Ng5 Ng6 20.Qc2 O-O-O 21.Nxe6 fxe6 22.Bxg6
Rh8 23.h3 Rxd4 24.Rxe6 Qf4 25.f7 Rhd8 26.Re8 {#r} 1-0

[Event "It \"]
[Site "masterchessopen.com Ilyichevsk (Ukraine)"]
[Date "2007.07.27"]
[Round "7"]
[White "Abramchuk Klavdia (UKR)"]
[Black "Pivovartsev Sergey (UKR)"]
[Result "0-1"]
[WhiteElo "2131"]
[BlackElo "2195"]

1.d4 Nf6 2.Nf3 d5 3.c4 c6 4.Nc3 e6 5.Bg5 dxc4 6.e4 b5 7.e5 h6 8.Bh4 g5 9.Nxg5
hxg5 10.Bxg5 Nbd7 11.exf6 Bb7 12.Qf3 Qb6 13.Rd1 O-O-O 14.Qf4 c5 15.d5 exd5
16.Be2 d4 17.Ne4 Re8 18.Bf3 Bd6 19.Qg4 Qc6 20.Be3 Rxe4 21.Bxe4 Qxe4 {#R} 0-1

[Event "It (open)"]
[Site "masterchessopen.com Tibor (Czech Republic)"]
[Date "2007.08.03"]
[Round "7"]
[White "Blazek Jiri (CZE)"]
[Black "Straka Zdenek (CZE)"]
[Result "1-0"]
[WhiteElo "2185"]
[BlackElo "1989"]

1.d4 d5 2.c4 c6 3.Nf3 e6 4.Nc3 Nf6 5.Bg5 dxc4 6.e4 b5 7.e5 h6 8.Bh4 g5 9.Nxg5
hxg5 10.Bxg5 Nbd7 11.g3 Bh6 12.Bxh6 Rxh6 13.exf6 Nxf6 14.Qd2 Rh8 15.Bg2 Qb6
16.Qg5 Nd5 17.Nxd5 exd5 18.Qe5+ {#r} 1-0

[Event "It (open)"]
[Site "masterchessopen.com Vlissingen (Netherlands)"]
[Date "2007.08.04"]
[Round "1"]
[White "Kerkvliet Maximiliaan (NED)"]
[Black "Stellwagen Daniel (NED)"]
[Result "0-1"]
[WhiteElo "2042"]
[BlackElo "2639"]

1.d4 Nf6 2.c4 c6 3.Nf3 d5 4.Nc3 e6 5.Bg5 dxc4 6.a4 Bb4 7.Qc2 Qa5 8.Bxf6 gxf6
9.e4 b5 10.Be2 Bb7 11.O-O Qb6 12.b3 cxb3 13.Qxb3 Bxc3 14.Qxc3 b4 15.Qb2 a5
16.d5 Nd7 17.dxe6 fxe6 18.Ng5 Ke7 19.Rad1 Rad8 20.Bh5 Ne5 21.Kh1 Rxd1 22.Rxd1
Rd8 23.Rxd8 Qxd8 24.Nh3 Qd3 25.Qc1 b3 26.Qc5+ Kd7 {#R} 0-1

[Event "It (open)"]
[Site "masterchessopen.com Ptuj (Slovenia)"]
[Date "2007.08.15"]
[Round "4"]
[White "Krumpacnik Domen (SLO)"]
[Black "Podkriznik Gregor (SLO)"]
[Result "1-0"]
[WhiteElo "2413"]
[BlackElo "2370"]

1.d4 d5 2.c4 c6 3.Nf3 Nf6 4.Nc3 e6 5.Bg5 dxc4 6.e4 b5 7.e5 h6 8.Bh4 g5 9.exf6
gxh4 10.Ne5 Bb7 11.Nxf7 Qxf6 12.Nxh8 Qxh8 13.Qh5+ Kd8 14.Qxh4+ Kc7 15.Be2 Nd7
16.O-O Nf6 17.Bf3 Be7 18.Rfe1 {#r} 1-0